| 000 | 00433nam a2200181Ia 4500 | ||
|---|---|---|---|
| 001 | 13415 | ||
| 005 | 20260306164759.0 | ||
| 008 | 260306t2006||||xx |||||||||||||| ||spa|| | ||
| 041 | _aESP | ||
| 082 |
_a004.019 _bS42 |
||
| 100 |
_aSmith-Atakan, Serengul _eAUT |
||
| 245 | 0 | _aHuman-computer interaction | |
| 260 | _c2006 | ||
| 300 |
_axiv, 204 páginas : _c24 cm. |
||
| 650 | _aGEN | ||
| 654 | _aCCC | ||
| 942 |
_cLIB _dJUS _fJUS _2ddc _n |
||
| 999 |
_c13415 _d13415 |
||